<?xml version="1.0" encoding="UTF-8"?><?xml-stylesheet type="text/xsl" href="static/style.xsl"?><OAI-PMH xmlns="http://www.openarchives.org/OAI/2.0/" xmlns:xsi="http://www.w3.org/2001/XMLSchema-instance" xsi:schemaLocation="http://www.openarchives.org/OAI/2.0/ http://www.openarchives.org/OAI/2.0/OAI-PMH.xsd"><responseDate>2026-06-01T02:23:09Z</responseDate><request verb="GetRecord" identifier="oai:docta.ucm.es:20.500.14352/45844" metadataPrefix="marc">https://docta.ucm.es/rest/oai/request</request><GetRecord><record><header><identifier>oai:docta.ucm.es:20.500.14352/45844</identifier><datestamp>2023-08-24T10:34:21Z</datestamp><setSpec>com_20.500.14352_14</setSpec><setSpec>col_20.500.14352_20</setSpec></header><metadata><record xmlns="http://www.loc.gov/MARC21/slim" xmlns:dcterms="http://purl.org/dc/terms/" xmlns:xsi="http://www.w3.org/2001/XMLSchema-instance" xmlns:doc="http://www.lyncode.com/xoai" xsi:schemaLocation="http://www.loc.gov/MARC21/slim http://www.loc.gov/standards/marcxml/schema/MARC21slim.xsd">
   <leader>00925njm 22002777a 4500</leader>
   <datafield ind2=" " ind1=" " tag="042">
      <subfield code="a">dc</subfield>
   </datafield>
   <datafield ind2=" " ind1=" " tag="720">
      <subfield code="a">Clemente San Román, Yolanda</subfield>
      <subfield code="e">author</subfield>
   </datafield>
   <datafield ind2=" " ind1=" " tag="260">
      <subfield code="c">2010</subfield>
   </datafield>
   <datafield ind2=" " ind1=" " tag="520">
      <subfield code="a">Se estudia la dinastia de los Tournes, en el ámbito del comercio del libro en la Europa del Antiguo Régimen. A tra vés de los catálogos impresos de editores(librerosimpresores/)se difunden y registran los productos salidos de sus prensas o puestos a la venta. Un ejemplo que revela el estado de negocio de la libreria europea a lo largo del s. XVIII, es el Catalogo de libros de los Hermanos de Tournes, donde se recopilan las obras destinadas a la venta en sus librerias de Lyon y Ginebra en el año 1733.</subfield>
   </datafield>
   <datafield ind1="8" ind2=" " tag="024">
      <subfield code="a">https://hdl.handle.net/20.500.14352/45844</subfield>
   </datafield>
   <datafield ind2="0" ind1="0" tag="245">
      <subfield code="a">Un modelo de la venta de libros en la Europa del Antiguo Régimen: el catálogo de los Hermanos de Tournes de 1733</subfield>
   </datafield>
</record></metadata></record></GetRecord></OAI-PMH>